abc歴代ウイニングアンサー - Statistics

General Stats
  • This quiz has been taken 70 times
    14 since last reset
  • The average score is 10 of 24
Answer Stats
優勝者 ウイニングアンサー % Correct
21 東問 スパット
100%
19 寺内一記 剛体
91%
18 加瀬主税 千秋楽
82%
20 鈴木幸多朗 『君の知らない物語』
82%
24 田中律輝 のん
73%
7 大美賀祐貴 マイナビ女子オープン
64%
11 隅田好史 アラザン
64%
16 加瀬主税 『月月火水木金金』
64%
22 松崎颯樹 ルドルフ・フィルヒョー
64%
1 片岡桂太郎 ポジティブ
45%
14 佐谷政裕 鰻の寝床
45%
23 今井吹樹 サブリナ・カーペンター
45%
17 吉原主税 白樺派
36%
8 隅田好史 アトラス
27%
15 鈴木淳之介 ゼロゼロ物件
27%
2 古川洋平
18%
13 青木寛泰 ガンバ大阪
18%
9 青木寛泰 4人
18%
12 青木寛泰 ライチョウ
9%
3 古川洋平 すだち
0%
4 古川洋平 よこぐすり
0%
6 定森洋人 ソナタ
0%
10 廣海渉 内弁慶
0%
5 田村良平 CHAGE&ASKA
0%
No matching quizzes found
Score Distribution
Percent of People with Each Score
Percentile by Number Answered
Your Score History
You have not taken this quiz since the last reset